| 000 | 01040nam a2200277 i 4500 | ||
|---|---|---|---|
| 001 | 37898 | ||
| 003 | ES-MaACL | ||
| 005 | 20250830063642.0 | ||
| 007 | t| | ||
| 008 | 030224s1966 sp ||||1| spa d | ||
| 100 | 1 |
_aBurgo, Luciano del. _932643 |
|
| 245 | 1 | 3 |
_aEl mensaje de la misión parroquial, hoy / _cLuciano del Burgo y Mariano Vidal. |
| 260 |
_aMadrid : _bPerpetuo Socorro, _c[1966] |
||
| 300 |
_a326 p. ; _c22 cm. |
||
| 490 | 1 | _aCuadernos de Teología y práctica pastoral | |
| 490 | 1 |
_aColección "Kerigma", Cuadernos de Teología y Práctica Pastoral ; _v17 |
|
| 505 | 8 | _aContiene: III: Catequesis misionales | |
| 650 | 0 | 7 |
_aTeología pastoral _2embne _917472 |
| 650 | 4 |
_aMisiones parroquiales. _9167197 |
|
| 650 | 4 |
_aHomilia. _9167201 |
|
| 700 | 1 |
_aVidal, Mariano. _9114449 |
|
| 830 | 0 | 0 |
_aCuadernos de teología y práctica pastoral _9229660 |
| 830 | 0 | 0 |
_aColección "Kerigma". _pCuadernos de teología y práctica pastoral _v17 _9193324 |
| 852 |
_aES-MaACL _jC-29260 _bR.59829 |
||
| 999 |
_c37898 _d37898 |
||